Současný trh s diamanty

Diamanty ako investičné produkty. Kvalitatívne predpoklady diamantov - 4C. Najvýznamnejšie ložiská diamantov. Dovoz surových diamantov z členských štátov Európskej únie na územie Čiech.

Guardado en:
Detalles Bibliográficos
Autor principal: Šabata, Ondřej
Formato: Capítulo de libro
Lenguaje:checo
Materias:
Etiquetas: Agregar Etiqueta
Sin Etiquetas, Sea el primero en etiquetar este registro!

MARC

LEADER 00000naa a2200000 4500
001 0144598
005 20230908080311.8
041 0 |a cze 
044 |a CZ 
245 1 0 |a Současný trh s diamanty  |c Ondřej Šabata 
520 |a Diamanty ako investičné produkty. Kvalitatívne predpoklady diamantov - 4C. Najvýznamnejšie ložiská diamantov. Dovoz surových diamantov z členských štátov Európskej únie na územie Čiech. 
610 2 0 |a kovy drahé 
610 2 0 |a kovy vzácne 
610 2 0 |a investovanie 
610 2 0 |a história 
610 2 0 |a vývoj cenový 
100 1 |a Šabata, Ondřej